| 000 | 00449nam a2200157 4500 | ||
|---|---|---|---|
| 001 | 107822 | ||
| 003 | ES-MaACL | ||
| 005 | 20230906184511.0 | ||
| 007 | t| | ||
| 008 | 061121s1967 sp r ||||1| spa d | ||
| 100 | 1 |
_aMoreno de la Helguera, José. _983357 |
|
| 245 | 1 | 0 |
_aTrabajo profesional y humanismo / _cJosé Moreno de la Helguera. |
| 260 |
_aBilbao : _bMensajero, _c1967. |
||
| 300 |
_a158 p. ; _c19. |
||
| 852 |
_aES-MaACL _jC-32627 _bR.63485 |
||
| 999 |
_c107822 _d107822 |
||